| 000 | 00861cam a2200289 i 4500 | ||
|---|---|---|---|
| 001 | 16102 | ||
| 003 | BD-RjUL | ||
| 005 | 20211208235943.0 | ||
| 008 | 140211s1981 nyua b 001 0 eng d | ||
| 020 | _a0471081698 | ||
| 035 | _a(BD-RjUL)16157 | ||
| 040 |
_aDLC _cDLC _dDLC _dBD-RjUL _beng |
||
| 041 | _aeng | ||
| 082 | 0 | 0 |
_a658.8 _219 _bUDM 1981 |
| 100 | 1 |
_aUdell, Jon G. _949843 |
|
| 245 | 1 | 0 |
_aMarketing in an age of change : _ban introduction / _cJon G. Udell, Gene R. Laczniak. |
| 260 |
_aNew York : _bWiley, _cc1981. |
||
| 300 |
_axix, 588 p. : _bill. ; _c24 cm. & |
||
| 490 | 0 | _aWiley series in marketing | |
| 504 | _aIncludes bibliographies and index. | ||
| 650 | 0 |
_aMarketing. _949844 |
|
| 650 | 0 |
_aMarketing _xManagement. _949845 |
|
| 700 | 1 |
_aLaczniak, Eugene R., _949846 |
|
| 942 |
_2ddc _cBK |
||
| 999 |
_c16102 _d16102 |
||